LEADER 01406nam a2200301 u 4500 001 000000035342 003 CaOOAMICUS 005 20070226112556.0 008 980223s1981 it u000 u ita u 035 $a10783974 040 $aPUL(R)$bita 100 1 $aGiacchi, Orio,$d1909-1982.$0(OLS)http://pul/name/9562 245 10$aChiesa e Stato nella esperienza giuridica (1933-1980) /$cstudi raccolti e presentati Ombretta Fumagalli Carulli. 260 $aMilano :$bA. Giuffrè,$c1981. 300 $a2 v. ;$c25 cm 500 $aInclude indici. 504 $aBibliografia in nota a pie' pagina. 505 0 $av. 1. La chiesa e il suo diritto, religione e società. -- v. 2. La chiesa davanti allo stato, lo stato e la vita sociale. 650 4$aChiesa e stato.$0(OLS)http://pul/subject/960 850 $aPUL 852 $aPUL$W1$xSL Diritto Canonico 1$y5$m150 C 91-92$j48410$nBK-PRI$b $qStampati$B48410$CPULBib$Z2$F48410 $H $81 852 $aPUL$W1$xSL Diritto Canonico 1$y5$m150 C 91-92$j48410$nBK-PRI$b $qStampati$B48411$CPULBib$Z2$F48411 $H $81 941 1 $a8 960 $aStato e Chiesa$9960 961 $aINV: 49793-49794 961 $aINV: 49793-49794 996 $6245$aChiesa e Stato nella esperienza giuridica (1933-1980)$9(OLS)http://pul/title/48606 996 $6260$aMilano :$bA. Giuffrè$9(OLS)http://pul/publisher/48096 LEADER 01491nam a2200325 u 4500 001 000000053434 003 CaOOAMICUS 005 20070226115547.0 008 001115s1999 it u000 u eng u 035 $a10861331 040 $aPUL$bita 100 1 $aMiranda, Ashley.$0(OLS)http://pul/name/38031 245 13$aAn assessment of Alasdair MacIntyre's theory of virtue /$cAshley Miranda. 260 $aRoma :$b[s.n.],$c1999. 300 $av, 143 p. ;$c24 cm 490 1 $aUniversità pontificia salesiana. Facoltà di filosofia. Tesi di dottorato ;$vn. 429 500 $aEstratto di Diss. -- Pontificia Università salesiana. 504 $a"Bibliography": p. [122]-131. 600 14$aMacIntyre, Alasdair,$d1929-$0(OLS)http://pul/subject/19627 710 2 $aPontificia Università Salesiana.$0(OLS)http://pul/name/7805 830 0$aTesi di dottorato (Pontificia Università salesiana. Facoltà di filosofia) ;$vn. 429.$0(OLS)http://pul/title/71605 850 $aPUL 852 $aPUL$W1$xDP1 Tesi Pon. Univ. Salesiana$y46$mTH SAL 429$j70507$nBK-PRI$b $qTesi$B70507$CPULBib$Z2$F70507 $H $81 910 $aPontificio Ateneo Salesiano$97805 910 $aPontificio Ateneo Salesiano$97805 910 $aUniversità Pontificia Salesiana$97805 941 1 $a16 961 $aINV: 82742 996 $6245$aAn assessment of Alasdair MacIntyre's theory of virtue$9(OLS)http://pul/title/71693 996 $6260$aRoma :$b[s.n.]$9(OLS)http://pul/publisher/47958